Advances in Visual Informatics Third International Visual Informatics Conference, IVIC 2013, Selangor, Malaysia, November 13-15, 2013. Proceedings /

This book constitutes the refereed proceedings of the Third International Conference on Advances in Visual Informatics, IVIC 2013, held in Selangor, Malaysia, in November 2013. The four keynotes and 69 papers presented were carefully reviewed and selected from various submissions. The papers focus o...

Πλήρης περιγραφή

Λεπτομέρειες βιβλιογραφικής εγγραφής
Συγγραφή απο Οργανισμό/Αρχή: SpringerLink (Online service)
Άλλοι συγγραφείς: Zaman, Halimah Badioze (Επιμελητής έκδοσης), Robinson, Peter (Επιμελητής έκδοσης), Olivier, Patrick (Επιμελητής έκδοσης), Shih, Timothy K. (Επιμελητής έκδοσης), Velastin, Sergio (Επιμελητής έκδοσης)
Μορφή: Ηλεκτρονική πηγή Ηλ. βιβλίο
Γλώσσα:English
Έκδοση: Cham : Springer International Publishing : Imprint: Springer, 2013.
Σειρά:Lecture Notes in Computer Science, 8237
Θέματα:
Διαθέσιμο Online:Full Text via HEAL-Link
LEADER 03032nam a22006615i 4500
001 978-3-319-02958-0
003 DE-He213
005 20151204141904.0
007 cr nn 008mamaa
008 131012s2013 gw | s |||| 0|eng d
020 |a 9783319029580  |9 978-3-319-02958-0 
024 7 |a 10.1007/978-3-319-02958-0  |2 doi 
040 |d GrThAP 
050 4 |a TA1637-1638 
050 4 |a TA1634 
072 7 |a UYT  |2 bicssc 
072 7 |a UYQV  |2 bicssc 
072 7 |a COM012000  |2 bisacsh 
072 7 |a COM016000  |2 bisacsh 
082 0 4 |a 006.6  |2 23 
082 0 4 |a 006.37  |2 23 
245 1 0 |a Advances in Visual Informatics  |h [electronic resource] :  |b Third International Visual Informatics Conference, IVIC 2013, Selangor, Malaysia, November 13-15, 2013. Proceedings /  |c edited by Halimah Badioze Zaman, Peter Robinson, Patrick Olivier, Timothy K. Shih, Sergio Velastin. 
264 1 |a Cham :  |b Springer International Publishing :  |b Imprint: Springer,  |c 2013. 
300 |a XX, 799 p. 371 illus.  |b online resource. 
336 |a text  |b txt  |2 rdacontent 
337 |a computer  |b c  |2 rdamedia 
338 |a online resource  |b cr  |2 rdacarrier 
347 |a text file  |b PDF  |2 rda 
490 1 |a Lecture Notes in Computer Science,  |x 0302-9743 ;  |v 8237 
505 0 |a Computer visions and engineering -- Computer graphics and simulation -- Virtual and augmented reality -- Visualization and social computing. 
520 |a This book constitutes the refereed proceedings of the Third International Conference on Advances in Visual Informatics, IVIC 2013, held in Selangor, Malaysia, in November 2013. The four keynotes and 69 papers presented were carefully reviewed and selected from various submissions. The papers focus on four tracks: computer visions and engineering; computer graphics and simulation; virtual and augmented reality; and visualization and social computing. 
650 0 |a Computer science. 
650 0 |a Algorithms. 
650 0 |a User interfaces (Computer systems). 
650 0 |a Artificial intelligence. 
650 0 |a Computer graphics. 
650 0 |a Image processing. 
650 0 |a Pattern recognition. 
650 1 4 |a Computer Science. 
650 2 4 |a Image Processing and Computer Vision. 
650 2 4 |a Pattern Recognition. 
650 2 4 |a Computer Graphics. 
650 2 4 |a Artificial Intelligence (incl. Robotics). 
650 2 4 |a Algorithm Analysis and Problem Complexity. 
650 2 4 |a User Interfaces and Human Computer Interaction. 
700 1 |a Zaman, Halimah Badioze.  |e editor. 
700 1 |a Robinson, Peter.  |e editor. 
700 1 |a Olivier, Patrick.  |e editor. 
700 1 |a Shih, Timothy K.  |e editor. 
700 1 |a Velastin, Sergio.  |e editor. 
710 2 |a SpringerLink (Online service) 
773 0 |t Springer eBooks 
776 0 8 |i Printed edition:  |z 9783319029573 
830 0 |a Lecture Notes in Computer Science,  |x 0302-9743 ;  |v 8237 
856 4 0 |u http://dx.doi.org/10.1007/978-3-319-02958-0  |z Full Text via HEAL-Link 
912 |a ZDB-2-SCS 
912 |a ZDB-2-LNC 
950 |a Computer Science (Springer-11645)